00347nam a2200145Ia 4500003000400000005001700004008004100021040000700062041000800069082001900077100001700096245003400113260004600147365000800193OSt20230524182946.0210423s1989 xx 000 0 und d cAL aeng a370 223bSHUN aSHUKLA (P D) aNew education policy in india bSterling Publishers Private Limitedc1989 cINR